The pull of postcolonial nationhood (Record no. 184745)
[ view plain ]
| 000 -LEADER | |
|---|---|
| fixed length control field | 01512nam a2200361Ia 4500 |
| 082 04 - DEWEY DECIMAL CLASSIFICATION NUMBER | |
| Classification number | 843.914 |
| 100 1# - MAIN ENTRY--AUTHOR NAME | |
| Personal name | Coly, Ayo A. |
| 245 14 - TITLE STATEMENT | |
| Title | The pull of postcolonial nationhood |
| 260 ## - PUBLICATION, DISTRIBUTION, ETC. (IMPRINT) | |
| Place of publication | Lanham, [Md.] : |
| Name of publisher | Lexington Books, |
| Year of publication | c2010. |
| 300 ## - PHYSICAL DESCRIPTION | |
| Number of Pages | xxvii, 147 p. |
| 650 #0 - SUBJECT ADDED ENTRY--TOPICAL TERM | |
| Topical Term | African literature (French) |
| Topical Term | Sex role in literature. |
| Topical Term | Immigrants in literature. |
| 856 40 - ELECTRONIC LOCATION AND ACCESS | |
| Uniform Resource Identifier | http://site.ebrary.com/lib/rucke/Doc?id=10404817 |
No items available.
